|
|
|
|
| LEADER |
00000ny a22000003n 4500 |
| 005 |
20110524133827.0 |
| 008 |
080623s1999 sp s 000 0 spa c |
| 020 |
|
|
|a 8476985401
|
| 035 |
|
|
|a 1168
|
| 040 |
|
|
|a UMA.RE
|d vLex
|
| 080 |
|
|
|a 347.44(460)(0.034)
|
| 090 |
|
|
|c 224
|d 224
|
| 100 |
1 |
|
|a Ballesteros Garrido, Jos ̌Antonio
|
| 245 |
1 |
4 |
|a Las condiciones generales de los contratos y el principio de autonomia de voluntad
|h [Recurso electrn̤ico]
|c Jos ̌Antonio Ballesteros Garrido
|
| 256 |
|
|
|a Servicio en ln̕ea
|
| 260 |
|
|
|a [Barcelona] :
|b J.M. Bosch,
|c 1999
|
| 506 |
1 |
|
|a Contenido solo disponible en los productos indicados
|d vLex Global
|d vLex Global (Academic Edition, excluding Law Schools)
|d vLex Global (U.S. Academic Edition, Law Schools)
|d vLex Global (U.S. Academic Edition, excluding Law Schools)
|d vLex Global (Academic Edition, Law Schools)
|
| 650 |
0 |
7 |
|a Derecho de los consumidores y usuarios
|2 Tesauro vLex
|
| 650 |
0 |
7 |
|a Civil
|2 Tesauro vLex
|
| 650 |
0 |
7 |
|a Contratos
|2 Tesauro vLex
|
| 650 |
0 |
7 |
|a Condiciones generales del contrato
|2 Tesauro vLex
|
| 650 |
0 |
7 |
|a Autonoma̕ de la voluntad
|2 Tesauro vLex
|
| 740 |
0 |
|
|a vLex Libros (Servicios en ln̕ea)
|
| 856 |
4 |
0 |
|u http://vlex.com/source/1168
|z Acceso restringido
|
| 942 |
|
|
|c BOOK
|
| 999 |
0 |
|
|a Civil law
|b Barcelona
|